000 01021cam a2200325Ia 4500
999 _c651
_d651
001 60713124
003 OCoLC
005 20180821171514.0
008 050624s2005 ncuaf 000 0 eng d
010 _a57013496
020 _a1593280300
020 _a9781593280307
035 _a(OCoLC)60713124
040 _aKUS
_cKUS
_dWIQ
043 _an-us-nc
050 0 _aBV3775.N5
_bM5 2005
082 _a261.24
_bM681G
092 _a269.24
_bM69g 2005
092 _a269.24
_bM69g
100 1 _aMitchell, Curtis.
245 1 0 _aGod in the Garden :
_bthe story of Billy Graham's first New York crusade.
250 _a2005 commemorative ed.
260 _aCharlotte, N.C. :
_bBilly Graham Evangelistic Association,
_c2005.
300 _a195 p., [16] leaves of plates :
_bill. ;
_c21 cm.
500 _aOriginal version: Garden City, N.Y. : Doubleday, 1957.
600 1 0 _aGraham, Billy,
_d1918-2018
610 2 0 _aMadison Square Garden (New York, N.Y.)
650 0 _aRevivals
_zNew York (State)
_zNew York.
942 _2ddc
_cBK